Missing Word: Famous Female Rulers Quiz Stats

 Plays Quiz Updated Apr 17, 2015

Challenge
Share
Tweet
Embed
Score 0/18 Timer 02:00
0 Plays Today
Hint Missing Word (alphabetically) % Correct
_____ AntoinetteMarie
94.1%
_____, Queen of ScotsMary
92.5%
Queen _____, The Virgin QueenElizabeth
86.8%
_____ VII of EgyptCleopatra
86.1%
_____ the Great of RussiaCatherine
84.6%
Tzu-hsi, Dowager Empress of _____China
69.8%
Liliuokalani, Last Monarch of _____Hawaii
59.4%
Eleanor of _____Aquitaine
49.5%
Catherine de _____Medici
47.7%
Hint Missing Word (alphabetically) % Correct
_____ I of CastilleIsabella
44.8%
Queen _____ of the NetherlandsBeatrix
37.6%
Maria _____ of AustriaTheresa
30.5%
Ingeborg of _____Norway
23.3%
_____, Pharoah of EgyptHatshepsut
15.4%
Empress _____ of ByzantiumTheodora
10.7%
_____, Lady of the EnglishMatilda
6.9%
Salome _____Alexandra
5.1%
Nzinga _____Mbande
1.6%

Today's Daily Dose

You're not logged in!

Compare scores with friends on all Sporcle quizzes.
OR
Log In

You Might Also Like...

Show Comments

Extras

Top Quizzes Today


Score Distribution

Your Account Isn't Verified!

In order to create a playlist on Sporcle, you need to verify the email address you used during registration. Go to your Sporcle Settings to finish the process.

Report this User

Report this user for behavior that violates our Community Guidelines.

Details: